000 01126nas a2200349 4500
001 BR2015004098
003 BR-BrBNA
005 20231205125523.0
007 ta
008 230509b bl.|||p| |||| 00| 00por d
040 _aBR-BrBNA
_bpor
_cBiblioteca Nacional de Agricultura
041 _a(Pt)
072 _aP10
100 1 _aPeresi, J.T.M.
100 1 _aAlmeida, I.A.Z.C. de
100 1 _aTeixeira, I.S. de C.
100 1 _aSilva, S.O. de L. e
100 1 _aAlves, E.C.
100 1 _aMarques, D.F.
100 1 _aRibeiro, A.K.
245 1 _aPseudomonas aeruginosa: ocorrência e suscetibilidade aos agentes antimicrobianos de isolados de amostras de água tratada utilizada em solução de diálise
650 _aPSEUDOMONAS AERUGINOSA
650 _aBACTÉRIA
650 _aÁGUA
650 _aANÁLISE BACTERIOLÓGICA
650 _aSOLUÇÃO
650 _aDIÁLISE
650 _aABASTECIMENTO DE ÁGUA
773 0 _tRevista do Instituto Adolfo Lutz (Brazil)
_xISSN 0073-9855
_g(Oct-Dec 2011), v. 70(4) p. 542-547
_wBR2015004098
909 _a202311
_bLúcia
_c55
_dLúcia Elande
942 _2AGRIS
_n0
_cANA
999 _c244762
_d244762